MARC details
| 000 -CABECERA |
| campo de control de longitud fija |
02352cam a2200421 a 4500 |
| 001 - NÚMERO DE CONTROL |
| campo de control |
000007526 |
| 005 - FECHA Y HORA DE LA ÚLTIMA TRANSACCIÓN |
| campo de control |
20240625135917.0 |
| 008 - DATOS DE LONGITUD FIJA--INFORMACIÓN GENERAL |
| campo de control de longitud fija |
970730s1996 ve a b 001 0 spa d |
| 020 ## - NÚMERO INTERNACIONAL ESTÁNDAR DEL LIBRO |
| Número Internacional Estándar del Libro |
9803450743 |
| 040 ## - FUENTE DE LA CATALOGACIÓN |
| Centro catalogador/agencia de origen |
DO-SdBNP |
| Lengua de catalogación |
spa |
| Centro/agencia transcriptor |
NOC |
| Centro/agencia modificador |
DLC |
| -- |
BNPHU |
| 082 ## - NÚMERO DE LA CLASIFICACIÓN DECIMAL DEWEY |
| Número de clasificación |
V864.44 |
| Número de documento/Ítem |
E59 |
| 049 ## - FONDOS LOCALES (OCLC) |
| Fondos de biblioteca |
BNGR |
| 245 03 - MENCIÓN DE TÍTULO |
| Título |
El ensayo literario en Los Teques / |
| Mención de responsabilidad, etc. |
Daniuska González González ... [et al.] ; compilación y notas, Emilcen Rivero. |
| 260 ## - PUBLICACIÓN, DISTRIBUCIÓN, ETC. |
| Lugar de publicación, distribución, etc. |
Venezuela : |
| Nombre del editor, distribuidor, etc. |
Ateneo de Los Teques, |
| Fecha de publicación, distribución, etc. |
1996. |
| 300 ## - DESCRIPCIÓN FÍSICA |
| Extensión |
149 p. : |
| Otras características físicas |
il. ; |
| Dimensiones |
22 cm. |
| 490 1# - MENCIÓN DE SERIE |
| Mención de serie |
Ateneo de Los Teques ; |
| Designación de volumen o secuencia |
27 |
| 504 ## - NOTA DE BIBLIOGRAFÍA, ETC. |
| Nota de bibliografía, etc. |
Incluye referencias bibliográficas. |
| 505 0# - NOTA DE CONTENIDO CON FORMATO |
| Nota de contenido con formato |
Hector Enrique Díaz: el poeta vidente / Daniuska González -- Una antropología de lo cotidiano / Juan Carlos Santaella -- El hedonismo interior: en torno a El libro del desasosiego de Fernando Pessoa / Pedro Alzuru -- George Orwell: los secretos de una vida para el arte y la política / Rafael Romero -- Nietzsche y la tragedia griega / Emilcen Rivero -- La cultura y el arte en América Latina / Miguel Angel Pérez López -- Camus: la plenitud de Sísifo / César Gedler -- Rubenángel Hurtado: el poeta de Los Teques / Luis Abad C. -- Enforce gramsciano: la cultura, los intelectuales y el Estado / Carlos Mezones -- De cuando vivian los pájaros y otros poemas / Armando Hernández Quintero -- Arturo Uslar Pietri: novela e historia / Rosalina García -- La literatura: cómplice de la vida / Carmen Mannarino -- Disentir en la novela: cuatro novelistas venezolanos (1931-1940) / Yolanda Osuna. |
| 650 #4 - PUNTO DE ACCESO ADICIONAL DE MATERIA--TÉRMINO DE MATERIA |
| Término de materia o nombre geográfico como elemento de entrada |
Ensayos venezolanos |
| 9 (RLIN) |
4376 |
| 650 #4 - PUNTO DE ACCESO ADICIONAL DE MATERIA--TÉRMINO DE MATERIA |
| Término de materia o nombre geográfico como elemento de entrada |
Literatura venezolana |
| 9 (RLIN) |
3816 |
| 700 1# - PUNTO DE ACCESO ADICIONAL--NOMBRE DE PERSONA |
| Nombre de persona |
Rivero, Emilcen, |
| Término indicativo de función/relación |
comp. |
| Fechas asociadas al nombre |
1954- |
| 9 (RLIN) |
20889 |
| 700 1# - PUNTO DE ACCESO ADICIONAL--NOMBRE DE PERSONA |
| Nombre de persona |
González, Daniuska, |
| Fechas asociadas al nombre |
1967- |
| 9 (RLIN) |
13702 |
| 700 1# - PUNTO DE ACCESO ADICIONAL--NOMBRE DE PERSONA |
| Nombre de persona |
Santaella, Juan Carlos |
| 9 (RLIN) |
20891 |
| 700 1# - PUNTO DE ACCESO ADICIONAL--NOMBRE DE PERSONA |
| Nombre de persona |
Alzuru, Pedro |
| 9 (RLIN) |
20892 |
| 700 1# - PUNTO DE ACCESO ADICIONAL--NOMBRE DE PERSONA |
| Nombre de persona |
Romero, Rafael |
| 9 (RLIN) |
20893 |
| 700 1# - PUNTO DE ACCESO ADICIONAL--NOMBRE DE PERSONA |
| Nombre de persona |
Rivero, Emilcen |
| 9 (RLIN) |
20894 |
| 700 1# - PUNTO DE ACCESO ADICIONAL--NOMBRE DE PERSONA |
| Nombre de persona |
Pérez López, Miguel Angel |
| 9 (RLIN) |
20895 |
| 700 1# - PUNTO DE ACCESO ADICIONAL--NOMBRE DE PERSONA |
| Nombre de persona |
Gedler, César |
| 9 (RLIN) |
20896 |
| 700 1# - PUNTO DE ACCESO ADICIONAL--NOMBRE DE PERSONA |
| Nombre de persona |
Abad, Luis |
| 9 (RLIN) |
20897 |
| 700 1# - PUNTO DE ACCESO ADICIONAL--NOMBRE DE PERSONA |
| Nombre de persona |
Mezones, Carlos |
| 9 (RLIN) |
20898 |
| 700 1# - PUNTO DE ACCESO ADICIONAL--NOMBRE DE PERSONA |
| Nombre de persona |
Hernández Quintero, Armando |
| 9 (RLIN) |
20899 |
| 700 1# - PUNTO DE ACCESO ADICIONAL--NOMBRE DE PERSONA |
| Nombre de persona |
García, Rosalina |
| 9 (RLIN) |
14109 |
| 700 1# - PUNTO DE ACCESO ADICIONAL--NOMBRE DE PERSONA |
| Nombre de persona |
Mannarino, Carmen |
| 9 (RLIN) |
20900 |
| 700 1# - PUNTO DE ACCESO ADICIONAL--NOMBRE DE PERSONA |
| Nombre de persona |
Ozuna Yolanda |
| 9 (RLIN) |
20901 |
| 710 2# - PUNTO DE ACCESO ADICIONAL--NOMBRE DE ENTIDAD CORPORATIVA |
| Nombre de entidad corporativa o nombre de jurisdicción como elemento de entrada |
Ateneo de Los Teques. |
| 9 (RLIN) |
20902 |
| 830 #0 - PUNTO DE ACCESO ADICIONAL DE SERIE-TÍTULO UNIFORME |
| Título uniforme |
Ateneo de Los Teques ; |
| Designación de volumen o secuencia |
27 |
| 9 (RLIN) |
20903 |
| 910 ## - DATOS DE OPCIÓN DEL USUARIO (OCLC) |
| Datos de opción del usuario |
Catalogación por copia / LC |